Capital Cities Closest to an Unknown Latitude - Statistics

General Stats
  • This quiz has been taken 4 times
  • The average score is 15 of 20
Answer Stats
Distance Capital City % Correct
1° 25' Madrid
100%
2° 53' Rome
100%
2° 54' Vatican City
100%
0° 55' Ankara
75%
1° 03' Ashgabat
75%
1° 00' Athens
75%
1° 23' Baku
75%
0° 54' Beijing
75%
0° 27' Dushanbe
75%
0° 16' Lisbon
75%
0° 01' Pyongyang
75%
1° 26' Seoul
75%
2° 59' Skopje
75%
2° 18' Tashkent
75%
2° 43' Tbilisi
75%
2° 19' Tirana
75%
0° 05' Washington
75%
1° 10' Yerevan
75%
2° 14' Algiers
50%
2° 11' Tunis
50%
No matching quizzes found
Score Distribution
Percent of People with Each Score
Percentile by Number Answered
Your Score History
You have not taken this quiz